Sosem lehet tudni Shaw-bemutató a Kisszínházban /

Elmentve itt :
Bibliográfiai részletek
Szerzők: Tandi Lajos
Hernádi Oszkár
Dokumentumtípus: Cikk
Megjelent: 1978-01-15
Sorozat:Délmagyarország 68 No. 13
Kulcsszavak:Kamaraszínház
Online Access:http://dmarchiv.bibl.u-szeged.hu/120072
LEADER 00507nab a2200169 i 4500
001 delm120072
005 20190520121838.0
008 190520s1978 hu o 0|| hun d
040 |a SZTE Délmagyarország Archívum  |b hun 
041 |a hun 
100 1 |a Tandi Lajos 
245 1 0 |a Sosem lehet tudni   |h [elektronikus dokumentum] :  |b Shaw-bemutató a Kisszínházban /  |c  Tandi Lajos 
260 |c 1978-01-15 
300 |a 4 
490 0 |a Délmagyarország  |v 68 No. 13 
695 |a Kamaraszínház 
700 0 1 |a Hernádi Oszkár  |e aut